| 000 | 00000nas##2200000za#4500 |
| 001 | 9.508754 |
| 003 | CaOODSP |
| 005 | 20200325101630 |
| 007 | ta |
| 008 | 150406c1998||||xxc|| p #||||f| |0eng|d |
| 040 | |aCaOODSP|beng |
| 041 | |aeng |
| 041 | |afre |
| 043 | |an-cn--- |
| 086 | 1 |aT12-7 |
| 110 | 1 |aCanada. |bTransport Canada. |
| 245 | 10|aMarine safety review / |cIssued by Safety and Security Group. |
| 260 | |aOttawa - Ontario : |bTransport Canada |
| 310 | |aQuarterly |
| 362 | 1 |a(Vol. 1, no.1, March 1997 -- No. 10, Autumn 2002) |
| 546 | |aBilingual |
| 563 | |aSoftcover |
| 776 | 0#|tSécurité maritime en rubrique / |w(CaOODSP)9.503252 |
| 776 | 0#|tMarine safety review / |w(CaOODSP)9.506856 |
| 792 | |tSécurité maritime en rubrique / |efre|w(CaOODSP)9.508755 |